A Handbook on Boiler Making (Record no. 777)

000 -LEADER
fixed length control field 00382nam a2200145 4500
008 - FIXED-LENGTH DATA ELEMENTS--GENERAL INFORMATION
fixed length control field 191218b ||||| |||| 00| 0 eng d
082 00 - DEWEY DECIMAL CLASSIFICATION NUMBER
Classification number 621.184
Item number M8781
100 ## - MAIN ENTRY--PERSONAL NAME
9 (RLIN) 302
Personal name Morrison, Kennenth
245 10 - TITLE STATEMENT
Title A Handbook on Boiler Making
250 ## - EDITION STATEMENT
Edition statement 1st ed.
260 ## - PUBLICATION, DISTRIBUTION, ETC. (IMPRINT)
Place of publication, distribution, etc London
Name of publisher, distributor, etc Constable
Date of publication, distribution, etc 1925
300 ## - PHYSICAL DESCRIPTION
Extent 106 p.
650 #0 - SUBJECT ADDED ENTRY--TOPICAL TERM
Topical term or geographic name as entry element Steam Boilers
942 ## - ADDED ENTRY ELEMENTS (KOHA)
Source of classification or shelving scheme
Item type Books
Holdings
Withdrawn status Lost status Source of classification or shelving scheme Damaged status Not for loan Permanent location Current location Date acquired Full call number Barcode Date last seen Koha item type
          IMU Kolkata IMU Kolkata 1952-10-10 621.184 M8781 00262 2019-12-18 Books
Designed and Maintained by IMU-KC Library, Kolkata Campus © Copyright All Rights Reserved

webs counters

Powered by Koha